00466cam a2200157 a 450000100100000000500170001000800410002702000150006804000250008308200150010810000240012324500410014726000460018830000420023450400320027600001449620200929163847.0741211s1974 ohuac 000 0 eng d a0827802617 aDO-SdBNPbspacBNPHU axxxbB562w1 aBetancourt, Jeanne.10aWomen in focus /cJeanne Betancourt. aDayton, Ohio :bPflaum Publishing,c1974. axxii, 186 p. :bil., retrs. ;c23 cm. aBibliografía: p. 168-181.